| 000 | 00611nam a2200193Ia 4500 | ||
|---|---|---|---|
| 008 | 151121s9999||||xx |||||||||||||| ||und|| | ||
| 082 | _a813-/मराठे | ||
| 082 | _bHNW-38061 | ||
| 100 | _aमराठे प्र। द। | ||
| 245 | _aअंधारपुत्र | ||
| 260 | _b"निशान्त प्रकाशन, पुणे।" | ||
| 260 | _c-- | ||
| 300 | _a153 | ||
| 600 | _aमराठे प्र। द। | ||
| 630 | _aअंधारपुत्र | ||
| 700 | _aमराठे प्र। द। | ||
| 730 | _aअंधारपुत्र | ||
| 942 | _cBOOK | ||
| 999 |
_c1229091 _d1229088 |
||